| 000 | 00841nam a22002297a 4500 | ||
|---|---|---|---|
| 005 | 2010020406126.0 | ||
| 008 | 100204t xxu||||| |||| 00| 0 eng d | ||
| 010 | _aENG-95847 | ||
| 020 |
_a0198063792 _c395.00 |
||
| 020 |
_a9780198063797 _c395.00 |
||
| 035 | _aEN-79380 | ||
| 037 | _bDBAD/PUB | ||
| 040 | _aDPL | ||
| 245 |
_aHandbook of international humanitarian law in South Asia _cEdited by V.S. Mani |
||
| 260 |
_aNew Delhi _bOxford University Press _c2009 |
||
| 270 |
_aYMCA Library Building, Jai Singh Road _bNew Delhi _e110001 |
||
| 300 |
_a262p ; _c23 cm. (Pbk) |
||
| 500 | _aIt includes appendix and bibliographical references | ||
| 700 | _aMani, V.S. | ||
| 942 |
_2ddc _cEN _mHAN |
||
| 999 |
_c33703 _d33703 |
||